00361nam a2200145Ia 450000500170000000800460001703700120006304000210007504100130009608400230010910000130013224500200014526000400016530000100020520250508152253.0008 250505s9999 xx 000 0 hin d aTextual aFEDL bengcFEDL ahin2hin a891.431, BACqFEDL aBachchan 0aArti aur angare aDelhi, IndiabRajpal and Sonsc1958 a244p.